Score 0/8 Timer 02:00
0 Plays Today
Rank Contributer % Correct
1sproutcm
82.8%
3rockgolf
60.3%
4Hejman
50%
6Ben
48.3%
2LTH
44.8%
7Flick
39.7%
5enough
32.8%
8puckett86
15.5%

You're not logged in!

Compare scores with friends on all Sporcle quizzes.
OR
Log In

From the Vault

Missing Vowels - Literature

by gs43619

Reading the great works would be a lot harder without the help of A, E, I, O, U, and sometimes Y.
Remove Ads.
Support Sporcle.
Get the best of Sporcle when you Go Orange. This ad-free experience offers more features, more stats, and more fun while also helping to support Sporcle. Thank you for becoming a member.

Show Comments

Extras

Top Quizzes Today


Score Distribution

Your Account Isn't Verified!

In order to create a playlist on Sporcle, you need to verify the email address you used during registration. Go to your Sporcle Settings to finish the process.

Report this User

Report this user for behavior that violates our Community Guidelines.

Details: